000 00421nam a22001817a 4500
003 MPLRDC
005 20220104114137.0
008 210129b ||||| |||| 00| 0 eng d
020 _a7-80533-013-1
082 _a857.455 YJC
100 _a颜金村
245 _a陈三五娘
_c
250 _a一版一刷
260 _a
_b鹭江出版社
_c1987
300 _b
650 _a历史小说
942 _cBK
_o857.455 YJC
999 _c5163
_d5153